000 00487nam a2200229Ia 4500
003 IT-RoPAU
008 120407s9999 xx 000 0 und d
040 _aIT-RoPAU
040 _cIT-RoPAU
041 _aita
100 _aBenedetto D’Orazio
100 _credentorista
245 _aLe nostre supreme vittorie 2. ed
250 _aPescara
260 _aEdizioni Paoline
260 _c1964
300 _c cm
490 _aUt in
490 _v1
942 _cBK
999 _c238
_d238